Doktrina trudovogo prava v "eru globalizacii"

Na minha lista:
Detalhes bibliográficos
Autor principal: Kuznetsova, Mariya, 1992-
Formato: Capítulo de Livro
Idioma:russo
Assuntos:
Tags: Adicionar Tag
Sem tags, seja o primeiro a adicionar uma tag!

MARC

LEADER 00000naa a2200000 4500
001 0283328
005 20240502074407.9
041 0 |a rus 
044 |a SK 
245 1 0 |a Doktrina trudovogo prava v "eru globalizacii"  |c Mariya Kuznetsova 
610 2 0 |a právo pracovné 
610 2 0 |a globalizácia 
100 1 |a Kuznetsova, Mariya, 1992-